<?xml version="1.0" encoding="UTF-8"?>
<record
    xmlns:xsi="http://www.w3.org/2001/XMLSchema-instance"
    xsi:schemaLocation="http://www.loc.gov/MARC21/slim http://www.loc.gov/standards/marcxml/schema/MARC21slim.xsd"
    xmlns="http://www.loc.gov/MARC21/slim">

  <leader>00830nam a22002177a 4500</leader>
  <datafield tag="999" ind1=" " ind2=" ">
    <subfield code="c">176266</subfield>
    <subfield code="d">176266</subfield>
  </datafield>
  <controlfield tag="005">20201208152516.0</controlfield>
  <datafield tag="010" ind1=" " ind2=" ">
    <subfield code="a">ENG-128637</subfield>
  </datafield>
  <datafield tag="020" ind1=" " ind2=" ">
    <subfield code="a">978-93-84361-36-5</subfield>
    <subfield code="c">135.00</subfield>
  </datafield>
  <datafield tag="035" ind1=" " ind2=" ">
    <subfield code="a">EN-112169</subfield>
  </datafield>
  <datafield tag="037" ind1=" " ind2=" ">
    <subfield code="b">DBAD/PUB</subfield>
  </datafield>
  <datafield tag="082" ind1=" " ind2=" ">
    <subfield code="a">485</subfield>
  </datafield>
  <datafield tag="245" ind1=" " ind2=" ">
    <subfield code="a">Skill Pro: a course in communication skills and soft skills/</subfield>
    <subfield code="c">Kolakaluri Sumakiran, et. al.</subfield>
  </datafield>
  <datafield tag="260" ind1=" " ind2=" ">
    <subfield code="a">Andhra Pradesh</subfield>
    <subfield code="b">EMESCO Books, Maruthi Publications</subfield>
    <subfield code="c">2019</subfield>
  </datafield>
  <datafield tag="270" ind1=" " ind2=" ">
    <subfield code="b">Andhra Pradesh</subfield>
    <subfield code="e">522001</subfield>
    <subfield code="a">9-4-95, Maruthi Manikanta Nilayam, 3rd Lane, Railpet, Gunter</subfield>
    <subfield code="m">contact@maruthipublications.com</subfield>
    <subfield code="k">2224032</subfield>
    <subfield code="l">91 863 2220566</subfield>
  </datafield>
  <datafield tag="300" ind1=" " ind2=" ">
    <subfield code="a">156+xxvip.</subfield>
    <subfield code="c">24cm(pbk)</subfield>
    <subfield code="b">Including tables and illustrations.</subfield>
    <subfield code="e">CD</subfield>
  </datafield>
  <datafield tag="700" ind1=" " ind2=" ">
    <subfield code="a">Sumakiran, Kolakaluri</subfield>
  </datafield>
  <datafield tag="700" ind1=" " ind2=" ">
    <subfield code="a">Kumar, M. Suresh</subfield>
  </datafield>
  <datafield tag="700" ind1=" " ind2=" ">
    <subfield code="a">Babu, K. Vijaya</subfield>
  </datafield>
  <datafield tag="700" ind1=" " ind2=" ">
    <subfield code="a">Padmaja, K</subfield>
  </datafield>
  <datafield tag="942" ind1=" " ind2=" ">
    <subfield code="2">ddc</subfield>
    <subfield code="c">EN</subfield>
    <subfield code="h">485</subfield>
    <subfield code="m">SKI</subfield>
  </datafield>
  <datafield tag="952" ind1=" " ind2=" ">
    <subfield code="0">0</subfield>
    <subfield code="1">0</subfield>
    <subfield code="4">0</subfield>
    <subfield code="7">0</subfield>
    <subfield code="8">NFIC</subfield>
    <subfield code="a">L</subfield>
    <subfield code="b">L</subfield>
    <subfield code="d">2020-12-08</subfield>
    <subfield code="e">DBAD/PUB</subfield>
    <subfield code="g">135.00</subfield>
    <subfield code="l">3</subfield>
    <subfield code="o">485 SKI</subfield>
    <subfield code="p">EN-112169</subfield>
    <subfield code="r">2023-07-15 00:00:00</subfield>
    <subfield code="s">2023-07-01</subfield>
    <subfield code="t">1</subfield>
    <subfield code="v">135.00</subfield>
    <subfield code="y">EN</subfield>
  </datafield>
</record>
